[Event "Titled Tuesday 2024.12.24 Late"]
[Site "chess.com INT"]
[Date "2024.12.24"]
[Round "2"]
[White "Keleberda, Tymur"]
[Black "Maghsoodloo, Parham"]
[Result "0-1"]
[WhiteElo "2296"]
[BlackElo "2703"]
[WhiteFideId "-1"]
[BlackFideId "-1"]
[PlyCount "126"]
[GameId "2129405226989077"]
[EventDate "2024.12.24"]
[EventType "swiss (blitz)"]
[EventRounds "11"]
[EventCountry "NET"]
[SourceTitle "The Week in Chess 1573"]
[Source "Mark Crowther"]
[SourceDate "2024.12.30"]
[SourceVersion "1"]
[SourceVersionDate "2024.12.30"]
[SourceQuality "2"]

1. Nf3 Nf6 2. c4 c5 3. Nc3 b6 4. d4 cxd4 5. Nxd4 Bb7 6. f3 g6 7. e4 Bg7 8. Be3 O-O 9. Qd2 d6 10. Be2 Nbd7 11. O-O Rc8 12. b3 a6 13. Rfd1 e6 14. Rac1 Qe7 15. Nc2 Ne8 16. Bd4 Nef6 17. Be3 Ne8 18. Bh6 Bxh6 19. Qxh6 g5 20. Ne3 f6 21. Qh3 Ne5 22. Qg3 Ng7 23. Ng4 Nh5 24. Qf2 Qc7 25. Ne3 Nf4 26. Bf1 Nfg6 27. Na4 Rb8 28. Nc2 Bc6 29. Nc3 Rfd8 30. Nd4 Bd7 31. g3 Nf7 32. Bg2 Kh8 33. Nde2 Ne7 34. Qd4 Kg7 35. f4 Qc5 36. Kh1 Qxd4 37. Nxd4 h5 38. Kg1 b5 39. cxb5 axb5 40. b4 e5 41. Nde2 Be6 42. Rd2 Bc4 43. Bf1 gxf4 44. gxf4 Ng6 45. f5 Ng5 46. Kf2 Ne7 47. Ng1 d5 48. Bxc4 bxc4 49. exd5 Rxb4 50. Nf3 Nxf5 51. Nxg5 fxg5 52. Re1 Kf6 53. Ne4+ Kg6 54. Nc3 Rf8 55. Kg1 Nd4 56. Kg2 Nf3 57. Red1 Nxd2 58. Rxd2 Rf4 59. d6 Rd4 60. Rxd4 exd4 61. Nd5 Rb8 62. d7 Rd8 63. Nb6 c3 0-1

[Event "Titled Tuesday 2024.12.24 Late"]
[Site "chess.com INT"]
[Date "2024.12.24"]
[Round "3"]
[White "Hercegovac, Neven"]
[Black "Keleberda, Tymur"]
[Result "1-0"]
[WhiteElo "2287"]
[BlackElo "2296"]
[WhiteFideId "-1"]
[BlackFideId "-1"]
[PlyCount "63"]
[GameId "2129405226989163"]
[EventDate "2024.12.24"]
[EventType "swiss (blitz)"]
[EventRounds "11"]
[EventCountry "NET"]
[SourceTitle "The Week in Chess 1573"]
[Source "Mark Crowther"]
[SourceDate "2024.12.30"]
[SourceVersion "1"]
[SourceVersionDate "2024.12.30"]
[SourceQuality "2"]

1. Nf3 Nf6 2. g3 b6 3. Bg2 Bb7 4. O-O c5 5. d3 d5 6. e4 dxe4 7. Nfd2 Nc6 8. dxe4 e6 9. a4 Be7 10. Na3 O-O 11. c3 Ba6 12. Nb5 Ne5 13. f4 Nd3 14. e5 Nd5 15. Nc4 Nxc1 16. Rxc1 Bxb5 17. axb5 Qe8 18. Bxd5 exd5 19. Qxd5 Qxb5 20. f5 Rad8 21. Qe4 Bg5 22. Rce1 Qa4 23. e6 fxe6 24. fxe6 Rfe8 25. Qg4 Bh6 26. e7 Rb8 27. Qe6+ Kh8 28. Nd6 Bd2 29. Nf7+ Kg8 30. Nh6+ Kh8 31. Qg8+ Rxg8 32. Nf7# 1-0

[Event "North American Youth"]
[Site "Dulles USA"]
[Date "2024.12.18"]
[Round "1.6"]
[White "Keleberda, Tymur"]
[Black "Ling, Chenxuan"]
[Result "1-0"]
[WhiteElo "2296"]
[BlackElo "2063"]
[WhiteFideId "-1"]
[BlackFideId "-1"]
[PlyCount "81"]
[GameId "2129405226531498"]
[EventDate "2024.12.18"]
[EventType "swiss"]
[EventRounds "9"]
[EventCountry "USA"]
[SourceTitle "The Week in Chess 1572"]
[Source "Mark Crowther"]
[SourceDate "2024.12.23"]
[SourceVersion "2"]
[SourceVersionDate "2024.12.24"]
[SourceQuality "2"]

1. d4 Nf6 2. c4 e6 3. Nf3 d5 4. Nc3 Bb4 5. cxd5 exd5 6. Bg5 h6 7. Bh4 O-O 8. Qc2 c5 9. dxc5 g5 10. Bg3 Ne4 11. e3 Nc6 12. Bb5 Qa5 13. Bxc6 bxc6 14. O-O Qxc5 15. Rfc1 Nxg3 16. hxg3 Qe7 17. Na4 Bd7 18. Nc5 Rfc8 19. a3 Bxc5 20. Qxc5 Qxc5 21. Rxc5 Kf8 22. Rac1 Ke7 23. Ra5 Kd6 24. b4 f6 25. Nd4 Rc7 26. Kf1 h5 27. Ke2 Rb8 28. Kd3 Be8 29. Rac5 Rbc8 30. Kc3 Bd7 31. Kb3 h4 32. gxh4 gxh4 33. Rh1 Rg8 34. Rh2 Rg4 35. Kc3 Rc8 36. Nf3 Rh8 37. Ra5 Rc4+ 38. Kd2 f5 39. Nd4 f4 40. Rxa7 fxe3+ 41. fxe3 1-0

[Event "North American Youth"]
[Site "Dulles USA"]
[Date "2024.12.18"]
[Round "2.6"]
[White "Wu, Andrew"]
[Black "Keleberda, Tymur"]
[Result "1-0"]
[WhiteElo "2172"]
[BlackElo "2296"]
[WhiteFideId "-1"]
[BlackFideId "-1"]
[PlyCount "100"]
[GameId "2129405226531516"]
[EventDate "2024.12.18"]
[EventType "swiss"]
[EventRounds "9"]
[EventCountry "USA"]
[SourceTitle "The Week in Chess 1572"]
[Source "Mark Crowther"]
[SourceDate "2024.12.23"]
[SourceVersion "2"]
[SourceVersionDate "2024.12.24"]
[SourceQuality "2"]

1. e4 a6 2. d4 e6 3. c4 d5 4. Nc3 dxe4 5. Nxe4 Bb4+ 6. Nc3 c5 7. Be3 Nf6 8. a3 Bxc3+ 9. bxc3 Qa5 10. Nf3 cxd4 11. Bxd4 Nc6 12. Bxf6 gxf6 13. Qd3 e5 14. Be2 Be6 15. O-O Qc7 16. Rab1 Na5 17. Rb4 Nxc4 18. Rxc4 Qxc4 19. Qxc4 Bxc4 20. Bxc4 Rc8 21. Bd5 Rxc3 22. Bxb7 Rxa3 23. g3 O-O 24. Nh4 Rb8 25. Bd5 a5 26. Rc1 Rd3 27. Nf5 Rd8 28. Rc5 a4 29. Bc4 Rd1+ 30. Kg2 a3 31. Ra5 Ra1 32. Ra7 Rf8 33. Bxf7+ Kh8 34. Bd5 Rd8 35. Be4 Re1 36. Nh6 Rxe4 37. Nf7+ Kg8 38. Nxd8 Rd4 39. Nc6 Rd3 40. Nb4 Rd2 41. Rxa3 e4 42. Re3 f5 43. Rc3 Kf7 44. Nc2 Rd5 45. Ne3 Rb5 46. Rc7+ Kg6 47. Rd7 h5 48. Rd6+ Kg7 49. Rd5 Rb2 50. Rxf5 Kg6 1-0

[Event "North American Youth"]
[Site "Dulles USA"]
[Date "2024.12.20"]
[Round "4.5"]
[White "May Sanchez, Andres Elias"]
[Black "Keleberda, Tymur"]
[Result "1-0"]
[WhiteElo "2177"]
[BlackElo "2296"]
[WhiteFideId "-1"]
[BlackFideId "-1"]
[PlyCount "39"]
[GameId "2129405226531551"]
[EventDate "2024.12.18"]
[EventType "swiss"]
[EventRounds "9"]
[EventCountry "USA"]
[SourceTitle "The Week in Chess 1572"]
[Source "Mark Crowther"]
[SourceDate "2024.12.23"]
[SourceVersion "2"]
[SourceVersionDate "2024.12.24"]
[SourceQuality "2"]

1. e4 c5 2. Nf3 d6 3. d4 cxd4 4. Nxd4 Nf6 5. Nc3 a6 6. Bc4 e6 7. Bb3 b5 8. Bg5 Be7 9. Qf3 Qb6 10. O-O-O Nbd7 11. Rhe1 Nc5 12. Nf5 Nxb3+ 13. axb3 exf5 14. Bxf6 gxf6 15. Nd5 Qd8 16. Nxe7 Kxe7 17. exf5+ Be6 18. fxe6 fxe6 19. Qb7+ Kf8 20. Rxe6 1-0

[Event "Titled Tuesday 2024.12.10 Early"]
[Site "chess.com INT"]
[Date "2024.12.10"]
[Round "1"]
[White "Keleberda, Tymur"]
[Black "Carroll, Thomas"]
[Result "1-0"]
[WhiteElo "2296"]
[BlackElo "2120"]
[WhiteFideId "-1"]
[BlackFideId "-1"]
[PlyCount "73"]
[GameId "2129405226286640"]
[EventDate "2024.12.10"]
[EventType "swiss (blitz)"]
[EventRounds "11"]
[EventCountry "NET"]
[SourceTitle "The Week in Chess 1571"]
[Source "Mark Crowther"]
[SourceDate "2024.12.16"]
[SourceVersion "1"]
[SourceVersionDate "2024.12.16"]
[SourceQuality "2"]

1. b3 d5 2. e3 c5 3. Bb2 Nc6 4. Ne2 Nf6 5. d4 Bf5 6. a3 e6 7. Ng3 Bg6 8. Be2 cxd4 9. exd4 Rc8 10. Nd2 Bd6 11. Nf3 h5 12. Rc1 h4 13. Nf1 h3 14. g3 Ne4 15. Ne3 Qe7 16. Ra1 Na5 17. c4 dxc4 18. bxc4 O-O 19. O-O b6 20. d5 exd5 21. Nxd5 Qb7 22. Rc1 Bc5 23. Nh4 Bh7 24. Bd3 Rfd8 25. Bxe4 Bxe4 26. Qg4 Bg6 27. Nxg6 fxg6 28. Qxg6 Rc6 29. Qg5 Rf8 30. Qg4 Rcf6 31. Bxf6 Rxf6 32. Nxf6+ Kf7 33. Nd5 Nb3 34. Qf3+ Kg8 35. Qxb3 b5 36. Qxb5 Qa8 37. Qxc5 1-0

[Event "Titled Tuesday 2024.12.10 Early"]
[Site "chess.com INT"]
[Date "2024.12.10"]
[Round "2"]
[White "Crump. Alexander J"]
[Black "Keleberda, Tymur"]
[Result "0-1"]
[WhiteElo "1999"]
[BlackElo "2296"]
[WhiteFideId "-1"]
[BlackFideId "-1"]
[PlyCount "58"]
[GameId "2129405226286923"]
[EventDate "2024.12.10"]
[EventType "swiss (blitz)"]
[EventRounds "11"]
[EventCountry "NET"]
[SourceTitle "The Week in Chess 1571"]
[Source "Mark Crowther"]
[SourceDate "2024.12.16"]
[SourceVersion "1"]
[SourceVersionDate "2024.12.16"]
[SourceQuality "2"]

1. Nf3 a6 2. e4 e6 3. d4 d5 4. exd5 exd5 5. Bd3 c5 6. dxc5 Bxc5 7. O-O Ne7 8. Nc3 O-O 9. a4 Nbc6 10. h3 h6 11. Bf4 Be6 12. Qd2 Ng6 13. Bxh6 gxh6 14. Qxh6 Qf6 15. Ng5 Qg7 16. Qh5 Nce5 17. Rae1 Nxd3 18. cxd3 Rae8 19. Nxe6 fxe6 20. Nxd5 Rf5 21. Qxf5 exf5 22. Rxe8+ Kh7 23. Rc1 Nh4 24. Nf4 Bd6 25. Rce1 Nf3+ 26. Kf1 Nxe1 27. Nh5 Qf7 28. g4 fxg4 29. hxg4 Nxd3 0-1

[Event "Titled Tuesday 2024.12.10 Early"]
[Site "chess.com INT"]
[Date "2024.12.10"]
[Round "3"]
[White "Keleberda, Tymur"]
[Black "Martinez Alcantara, Jose Eduardo"]
[Result "0-1"]
[WhiteElo "2296"]
[BlackElo "2598"]
[WhiteFideId "-1"]
[BlackFideId "-1"]
[PlyCount "112"]
[GameId "2129405226340646"]
[EventDate "2024.12.10"]
[EventType "swiss (blitz)"]
[EventRounds "11"]
[EventCountry "NET"]
[SourceTitle "The Week in Chess 1571"]
[Source "Mark Crowther"]
[SourceDate "2024.12.16"]
[SourceVersion "1"]
[SourceVersionDate "2024.12.16"]
[SourceQuality "2"]

1. Nf3 c5 2. c4 Nc6 3. Nc3 g6 4. d4 cxd4 5. Nxd4 Bg7 6. Nc2 d6 7. e4 Bxc3+ 8. bxc3 Nf6 9. f3 O-O 10. Bh6 Re8 11. Nd4 Ne5 12. Be2 Qc7 13. Qb3 Bd7 14. O-O Rac8 15. Bg5 b6 16. Bxf6 exf6 17. Rfd1 Nxc4 18. Rac1 Qc5 19. Kh1 d5 20. Nc2 Be6 21. Bxc4 dxc4 22. Qb2 f5 23. exf5 Bxf5 24. Nd4 Bd3 25. a4 Re5 26. Qf2 Rce8 27. Ra1 Re2 28. Qg3 R2e7 29. h3 h5 30. Qh4 Kh7 31. Ra2 Re5 32. Qg3 Rg5 33. Qf4 Kg8 34. a5 bxa5 35. Rda1 Qe5 36. Qd2 Qg3 37. f4 Re2 38. Qxe2 Bxe2 39. fxg5 Bd3 40. Rxa5 Be4 41. R1a2 Qxh3+ 42. Kg1 Qxc3 43. Nb5 Qe3+ 44. Kh2 c3 45. R5a3 Qf4+ 46. g3 Qf1 47. g4 Qxb5 48. Rxc3 Qe5+ 49. Rg3 h4 50. Raa3 hxg3+ 51. Rxg3 Qf4 52. Kh3 Qf1+ 53. Kh4 Qh1+ 54. Rh3 Qe1+ 55. Rg3 Bf3 56. Kh3 Qh1# 0-1

[Event "Titled Tuesday 2024.12.10 Early"]
[Site "chess.com INT"]
[Date "2024.12.10"]
[Round "4"]
[White "Keleberda, Tymur"]
[Black "Przybylski, Bartosz"]
[Result "1-0"]
[WhiteElo "2296"]
[BlackElo "2140"]
[WhiteFideId "-1"]
[BlackFideId "-1"]
[PlyCount "109"]
[GameId "2129405226349077"]
[EventDate "2024.12.10"]
[EventType "swiss (blitz)"]
[EventRounds "11"]
[EventCountry "NET"]
[SourceTitle "The Week in Chess 1571"]
[Source "Mark Crowther"]
[SourceDate "2024.12.16"]
[SourceVersion "1"]
[SourceVersionDate "2024.12.16"]
[SourceQuality "2"]

1. Nf3 d6 2. d4 Nf6 3. c4 g6 4. Nc3 Bg7 5. g3 O-O 6. Bg2 c5 7. O-O Nc6 8. d5 Na5 9. Nd2 a6 10. Qc2 b5 11. b3 b4 12. Nd1 Bf5 13. e4 Nxe4 14. Nxe4 Bxa1 15. Nb2 e5 16. Bh6 Bxb2 17. Qxb2 Re8 18. Bg5 Re7 19. Bf6 Bxe4 20. Bxe4 Qf8 21. Qd2 Nb7 22. h4 a5 23. Kg2 a4 24. Rh1 axb3 25. axb3 Na5 26. Qe3 Rea7 27. h5 Nxb3 28. Qxb3 Ra3 29. Qd1 Qc8 30. hxg6 fxg6 31. Bxg6 hxg6 32. Rh8+ Kf7 33. Rxc8 Rxc8 34. Bg5 Rca8 35. Qg4 R8a7 36. Qe6+ Kg7 37. Bf6+ Kh7 38. Qe8 g5 39. Qh5+ Kg8 40. Qxg5+ Kf7 41. Qf5 Ke8 42. Qe6+ Kf8 43. Qxd6+ Kf7 44. Qe6+ Kf8 45. Bg5 b3 46. Bh6+ Rg7 47. Qf6+ Ke8 48. Qxg7 b2 49. Qxe5+ Kd7 50. Qxb2 Rxg3+ 51. fxg3 Kd6 52. Bf4+ Kd7 53. Qg7+ Kd8 54. d6 Kc8 55. Qc7# 1-0

[Event "Titled Tuesday 2024.12.10 Early"]
[Site "chess.com INT"]
[Date "2024.12.10"]
[Round "5"]
[White "Montes Orozco, Miguel Angel"]
[Black "Keleberda, Tymur"]
[Result "1-0"]
[WhiteElo "2293"]
[BlackElo "2296"]
[WhiteFideId "-1"]
[BlackFideId "-1"]
[PlyCount "123"]
[GameId "2129405226357695"]
[EventDate "2024.12.10"]
[EventType "swiss (blitz)"]
[EventRounds "11"]
[EventCountry "NET"]
[SourceTitle "The Week in Chess 1571"]
[Source "Mark Crowther"]
[SourceDate "2024.12.16"]
[SourceVersion "1"]
[SourceVersionDate "2024.12.16"]
[SourceQuality "2"]

1. Nf3 Nf6 2. c4 e6 3. Nc3 d5 4. e3 b6 5. b3 Bb7 6. Bb2 Be7 7. Be2 O-O 8. Rc1 c5 9. cxd5 Nxd5 10. O-O Nc6 11. d4 cxd4 12. Nxd4 Nxd4 13. Qxd4 Bf6 14. Qg4 Nxc3 15. Bxc3 Bxc3 16. Rxc3 Qd2 17. Rc7 Rab8 18. a4 a5 19. Rd1 Qb2 20. Bc4 Qe5 21. Qg3 Qf6 22. h3 Be4 23. Rdd7 Rbd8 24. Qd6 Rxd7 25. Rxd7 Qa1+ 26. Kh2 g6 27. Qxb6 Qe5+ 28. f4 Qb2 29. Bf1 Qf2 30. Qd4 Bd5 31. Rxd5 exd5 32. Bb5 Rc8 33. Qe5 Qd2 34. Bc6 Rd8 35. Qe7 Rf8 36. Qe5 Rd8 37. Qe7 Rb8 38. Qe5 Rxb3 39. Bxd5 Rxe3 40. Qd6 Qd4 41. Bxf7+ Kxf7 42. Qxd4 Re6 43. Qa7+ Kf6 44. Qxa5 Re4 45. Qg5+ Kf7 46. f5 Re7 47. fxg6+ hxg6 48. a5 Re6 49. a6 Rxa6 50. Qd5+ Re6 51. g4 Kf6 52. Kg3 Re3+ 53. Kf4 Re7 54. Qg5+ Kf7 55. h4 Re6 56. Qh6 Rf6+ 57. Kg5 Ra6 58. Qh7+ Kf8 59. Qb7 Re6 60. Qd7 Re7 61. Qd6 Kg8 62. Qxe7 1-0

[Event "Titled Tuesday 2024.12.03 Late"]
[Site "chess.com INT"]
[Date "2024.12.03"]
[Round "1"]
[White "Akhayan, Ruben"]
[Black "Keleberda, Tymur"]
[Result "0-1"]
[WhiteElo "2255"]
[BlackElo "2296"]
[WhiteFideId "-1"]
[BlackFideId "-1"]
[PlyCount "62"]
[GameId "2129405226193479"]
[EventDate "2024.12.03"]
[EventType "swiss (blitz)"]
[EventRounds "11"]
[EventCountry "NET"]
[SourceTitle "The Week in Chess 1570"]
[Source "Mark Crowther"]
[SourceDate "2024.12.09"]
[SourceVersion "1"]
[SourceVersionDate "2024.12.09"]
[SourceQuality "2"]

1. e4 a6 2. d4 e6 3. Nc3 d5 4. Nf3 Nf6 5. e5 Nfd7 6. Bd3 c5 7. dxc5 Bxc5 8. Bf4 Nc6 9. Qe2 h6 10. O-O-O b5 11. Nxd5 exd5 12. e6 O-O 13. exd7 Bxd7 14. Qd2 Qf6 15. Bg3 Bg4 16. Kb1 Rfe8 17. Rde1 Bxf3 18. gxf3 Ne5 19. Bxe5 Rxe5 20. Reg1 Rae8 21. Rg3 Qe6 22. Rgg1 Qb6 23. a3 Bxf2 24. Rf1 Be3 25. Qg2 R5e7 26. f4 Bd4 27. f5 Bf6 28. Rhg1 Qd4 29. Kc1 Qxb2+ 30. Kd2 Bg5+ 31. Kd1 Qc1# 0-1

[Event "Titled Tuesday 2024.12.03 Late"]
[Site "chess.com INT"]
[Date "2024.12.03"]
[Round "2"]
[White "Keleberda, Tymur"]
[Black "Smieszek, W."]
[Result "1-0"]
[WhiteElo "2296"]
[BlackElo "2141"]
[WhiteFideId "-1"]
[BlackFideId "-1"]
[PlyCount "143"]
[GameId "2129405226210200"]
[EventDate "2024.12.03"]
[EventType "swiss (blitz)"]
[EventRounds "11"]
[EventCountry "NET"]
[SourceTitle "The Week in Chess 1570"]
[Source "Mark Crowther"]
[SourceDate "2024.12.09"]
[SourceVersion "1"]
[SourceVersionDate "2024.12.09"]
[SourceQuality "2"]

1. Nf3 Nf6 2. c4 g6 3. d4 c5 4. d5 e6 5. Nc3 exd5 6. cxd5 d6 7. e4 Bg7 8. h3 O-O 9. Be2 Re8 10. Nd2 Nbd7 11. O-O a6 12. a4 Rb8 13. a5 Qe7 14. f3 Nh5 15. Nc4 Ne5 16. Nb6 Qh4 17. Nxc8 Rbxc8 18. f4 Nd7 19. Bxh5 gxh5 20. Ra4 Bd4+ 21. Rxd4 cxd4 22. Qxd4 Qf6 23. Qb4 Nc5 24. Be3 Qe7 25. Bxc5 Rxc5 26. Kh2 Rec8 27. Rf3 Rc4 28. Qa3 h4 29. Qa1 f6 30. Qe1 Kh8 31. Qxh4 Rg8 32. Qf2 Qc7 33. Qe2 Rb4 34. Re3 Re8 35. Qh5 Rg8 36. Qf5 Qg7 37. Re2 Rd4 38. g4 Rd3 39. Qh5 Qg6 40. Qxg6 hxg6 41. Kg2 Rd4 42. Kf3 Rb4 43. Ke3 Rc8 44. Kd3 Rc5 45. h4 Rxa5 46. Rh2 Kg7 47. h5 gxh5 48. gxh5 Kh6 49. Kc2 Rc4 50. Rh4 Rc8 51. Kd3 Rac5 52. Rh1 b5 53. Ne2 Rc2 54. Nd4 Rxb2 55. Nf5+ Kh7 56. Nxd6 Rb3+ 57. Kd4 Rc4+ 58. Nxc4 Rb4 59. d6 Rxc4+ 60. Kd5 Rc2 61. Ke6 Rd2 62. e5 fxe5 63. fxe5 b4 64. Ra1 b3 65. Rxa6 b2 66. Rb6 Kg8 67. d7 Kf8 68. Rb8+ Kg7 69. Ke7 Re2 70. e6 Rd2 71. d8=Q Rxd8 72. Kxd8 1-0

[Event "Titled Tuesday 2024.12.03 Late"]
[Site "chess.com INT"]
[Date "2024.12.03"]
[Round "3"]
[White "Drozdowski, K."]
[Black "Keleberda, Tymur"]
[Result "1-0"]
[WhiteElo "2450"]
[BlackElo "2296"]
[WhiteFideId "-1"]
[BlackFideId "-1"]
[PlyCount "117"]
[GameId "2129405226210389"]
[EventDate "2024.12.03"]
[EventType "swiss (blitz)"]
[EventRounds "11"]
[EventCountry "NET"]
[SourceTitle "The Week in Chess 1570"]
[Source "Mark Crowther"]
[SourceDate "2024.12.09"]
[SourceVersion "1"]
[SourceVersionDate "2024.12.09"]
[SourceQuality "2"]

1. e4 a6 2. d4 e6 3. Bd3 d5 4. Qe2 dxe4 5. Qxe4 Nf6 6. Qh4 c5 7. dxc5 Bxc5 8. Nf3 Nc6 9. O-O Nb4 10. Rd1 Nxd3 11. Rxd3 Qb6 12. Nc3 Bd7 13. Ne5 Bb5 14. Nxb5 Qxb5 15. Nf3 O-O 16. a4 Qb4 17. Qxb4 Bxb4 18. Bg5 Rfc8 19. c3 Be7 20. Rad1 h6 21. Bxf6 Bxf6 22. Rd7 b5 23. a5 b4 24. cxb4 Bxb2 25. g3 Bc3 26. Rb7 Rcb8 27. Rdd7 Bxb4 28. Rxf7 Rxb7 29. Rxb7 Bxa5 30. Nd4 Bc3 31. Nxe6 a5 32. Nc7 Rf8 33. Nb5 Bb4 34. Kg2 Rd8 35. f4 Kh7 36. h4 Rd5 37. Kf3 Rd3+ 38. Kg2 h5 39. f5 Kg8 40. Nc7 Bd6 41. Ne6 Rxg3+ 42. Kf2 Rg4 43. Rd7 Bg3+ 44. Kf3 Bxh4 45. Nf4 Rg3+ 46. Ke4 Rg5 47. Ra7 Rg4 48. Kf3 Bf6 49. Ng6 Kh7 50. Nf4 Kh6 51. Rxa5 Kg5 52. Ne6+ Kh4 53. Ra2 Rg3+ 54. Ke4 Rg1 55. Rh2+ Kg4 56. Rf2 h4 57. Rf4+ Kg3 58. Rf3+ Kg2 59. Nf4+ 1-0

[Event "Banff op"]
[Site "Banff CAN"]
[Date "2024.11.09"]
[Round "1.4"]
[White "Keleberda, Tymur"]
[Black "Haessel, Dale"]
[Result "1-0"]
[WhiteElo "2279"]
[BlackElo "2001"]
[WhiteFideId "-1"]
[BlackFideId "-1"]
[PlyCount "75"]
[GameId "2160767905787311"]
[EventDate "2024.11.09"]
[EventType "swiss"]
[EventRounds "6"]
[EventCountry "CAN"]

1. d4 d5 2. c4 e6 3. Nc3 a6 4. cxd5 exd5 5. Qc2 c6 6. Nf3 Nf6 7. Bg5 Be6 8. e3 Nbd7 9. Bd3 Bd6 10. O-O Qc7 11. Bh4 O-O 12. Bg3 h6 13. Rac1 Bxg3 14. hxg3 Qd6 15. Na4 Ne4 16. Bxe4 dxe4 17. Qxe4 Bxa2 18. Nc3 Qe6 19. Nd2 f5 20. Qd3 Rad8 21. Nxa2 Qxa2 22. Nc4 b5 23. Nd6 Qd5 24. Nb7 Ra8 25. Qc3 Rf6 26. Qa5 g5 27. Rfe1 Nf8 28. Qb6 Ng6 29. Na5 Ne7 30. Qb7 Re8 31. Rc5 Qd6 32. Rec1 f4 33. gxf4 gxf4 34. Re5 fxe3 35. fxe3 Qb4 36. Qd7 Qxb2 37. Qxe8+ Rf8 38. Qxe7 1-0

[Event "Banff op"]
[Site "Banff CAN"]
[Date "2024.11.09"]
[Round "2.3"]
[White "Malek, Omid"]
[Black "Keleberda, Tymur"]
[Result "1/2-1/2"]
[WhiteElo "2045"]
[BlackElo "2279"]
[WhiteFideId "-1"]
[BlackFideId "-1"]
[PlyCount "107"]
[GameId "2160767905787320"]
[EventDate "2024.11.09"]
[EventType "swiss"]
[EventRounds "6"]
[EventCountry "CAN"]

1. e4 a6 2. a4 e6 3. d4 d5 4. exd5 exd5 5. c4 Nc6 6. Nf3 Nf6 7. c5 b6 8. cxb6 cxb6 9. Be2 Bd6 10. Bg5 h6 11. Bh4 O-O 12. Nc3 Nb4 13. Ne5 Bf5 14. O-O Re8 15. Bg3 Rc8 16. Rc1 Ne4 17. Nxe4 Rxc1 18. Qxc1 dxe4 19. Bc4 Bxe5 20. dxe5 Qd4 21. Qc3 Qxc3 22. bxc3 Rc8 23. Bxf7+ Kxf7 24. cxb4 Rc4 25. f3 e3 26. Re1 Rxb4 27. Rxe3 Rxa4 28. Rc3 b5 29. Rc7+ Kf8 30. Rc6 Bd7 31. Rb6 Ke7 32. h4 b4 33. Bf2 Bb5 34. Bc5+ Kd7 35. e6+ Kc7 36. e7 Ra1+ 37. Kf2 Rf1+ 38. Kg3 Re1 39. Rg6 b3 40. Rxg7 Kd7 41. Bd4 Re2 42. e8=Q+ Kxe8 43. Rh7 b2 44. Bxb2 Rxb2 45. Rxh6 Bf1 46. h5 Rxg2+ 47. Kf4 Kf7 48. Rd6 Kg7 49. Rg6+ Rxg6 50. hxg6 a5 51. Ke3 a4 52. Kd2 a3 53. Kc2 Bc4 54. Kb1 1/2-1/2

[Event "Banff op"]
[Site "Banff CAN"]
[Date "2024.11.10"]
[Round "3.4"]
[White "Keleberda, Tymur"]
[Black "Eshraghi, Mahan"]
[Result "1-0"]
[WhiteElo "2279"]
[BlackElo "1797"]
[WhiteFideId "-1"]
[BlackFideId "-1"]
[PlyCount "85"]
[GameId "2160767905787331"]
[EventDate "2024.11.09"]
[EventType "swiss"]
[EventRounds "6"]
[EventCountry "CAN"]

1. Nf3 Nf6 2. c4 g6 3. d4 Bg7 4. Nc3 d6 5. g3 O-O 6. Bg2 Nc6 7. d5 Na5 8. Nd2 c5 9. O-O a6 10. Qc2 Rb8 11. b3 b5 12. Rb1 Bd7 13. Bb2 Qc8 14. Nce4 Nxe4 15. Bxg7 Kxg7 16. Nxe4 Kg8 17. Qc3 Qd8 18. Nd2 bxc4 19. bxc4 Qc7 20. f4 Rfc8 21. h4 Rb4 22. a3 Rxb1 23. Rxb1 Bg4 24. e4 Nb7 25. e5 Rf8 26. Rb2 Bf5 27. Qb3 Bc8 28. Qb6 Qxb6 29. Rxb6 a5 30. Ne4 Rd8 31. Nc3 Kg7 32. a4 Rf8 33. Nb5 dxe5 34. fxe5 Nd8 35. Nc7 Bd7 36. Na6 Bxa4 37. Nxc5 Bc2 38. Nd7 Re8 39. c5 a4 40. c6 Bf5 41. Nc5 f6 42. e6 a3 43. Ra6 1-0

[Event "Banff op"]
[Site "Banff CAN"]
[Date "2024.11.10"]
[Round "4.3"]
[White "Lin, Leo"]
[Black "Keleberda, Tymur"]
[Result "1/2-1/2"]
[WhiteElo "2055"]
[BlackElo "2279"]
[WhiteFideId "-1"]
[BlackFideId "-1"]
[PlyCount "176"]
[GameId "2160767905787340"]
[EventDate "2024.11.09"]
[EventType "swiss"]
[EventRounds "6"]
[EventCountry "CAN"]

1. e4 e6 2. c3 d5 3. e5 c5 4. Nf3 Nc6 5. Na3 Bd7 6. Nc2 Nge7 7. d4 cxd4 8. cxd4 Qb6 9. Bd3 Nb4 10. Nxb4 Qxb4+ 11. Bd2 Qb6 12. O-O Bb5 13. Bxb5+ Qxb5 14. Rc1 Nc6 15. b4 Be7 16. a4 Qb6 17. b5 Nxd4 18. Nxd4 Qxd4 19. Rc7 Qxe5 20. Rxb7 Bd6 21. g3 d4 22. Qf3 O-O 23. Rxf7 Rxf7 24. Qxa8+ Bf8 25. Bb4 Qc7 26. a5 d3 27. Bd2 Qc2 28. Be3 Qa4 29. Qc6 Qxa5 30. Rd1 Qa2 31. Kg2 Qb3 32. Rd2 h6 33. Bc5 Bxc5 34. Qxc5 Rf5 35. Qxa7 Qd5+ 36. Kg1 Re5 37. Qa1 Re2 38. Rd1 e5 39. Qc3 e4 40. Qc6 Qxc6 41. bxc6 Rc2 42. Kg2 Rxc6 43. f3 Rc2+ 44. Kh3 Re2 45. fxe4 d2 46. g4 Re3+ 47. Kg2 Rxe4 48. Rxd2 Rxg4+ 49. Kf3 Ra4 50. Kg3 Ra3+ 51. Kg4 Ra4+ 52. Kg3 Kf7 53. h4 h5 54. Rd7+ Kf6 55. Rd6+ Ke7 56. Rg6 Kf7 57. Rg5 g6 58. Rb5 Ra3+ 59. Kg2 Re3 60. Kf2 Rd3 61. Rb6 Rh3 62. Rb4 Kf6 63. Kg2 Re3 64. Rf4+ Ke5 65. Rf8 Ra3 66. Rf7 Ra4 67. Kh3 Rf4 68. Re7+ Kf5 69. Rf7+ Ke4 70. Ra7 Rf3+ 71. Kg2 Re3 72. Rf7 Re2+ 73. Kg3 Re3+ 74. Kg2 Ke5 75. Rf8 Rd3 76. Rf7 Rd4 77. Kh3 Rd6 78. Kg3 Ke4 79. Re7+ Kd3 80. Re8 Rd4 81. Re6 Rg4+ 82. Kh3 Kd4 83. Ra6 Ke5 84. Ra5+ Kf4 85. Ra4+ Kf3 86. Ra3+ Kf4 87. Ra4+ Kf3 88. Ra3+ Kf4 1/2-1/2

[Event "Banff op"]
[Site "Banff CAN"]
[Date "2024.11.11"]
[Round "5.2"]
[White "Keleberda, Tymur"]
[Black "Khaledi, Omid"]
[Result "1-0"]
[WhiteElo "2279"]
[BlackElo "2216"]
[WhiteFideId "-1"]
[BlackFideId "-1"]
[PlyCount "135"]
[GameId "2160767905787349"]
[EventDate "2024.11.09"]
[EventType "swiss"]
[EventRounds "6"]
[EventCountry "CAN"]

1. Nf3 Nf6 2. c4 e6 3. g3 b6 4. Bg2 Bb7 5. O-O Be7 6. d4 O-O 7. Re1 d5 8. cxd5 exd5 9. Nc3 Nbd7 10. Ng5 h6 11. Nh3 Ne4 12. Nf4 Ndf6 13. f3 Nxc3 14. bxc3 c5 15. Rb1 Re8 16. e4 cxd4 17. cxd4 dxe4 18. fxe4 Rc8 19. d5 Nd7 20. Bb2 Bf6 21. Qa4 Bxb2 22. Rxb2 a6 23. Qd4 b5 24. Qf2 Ne5 25. a4 Qa5 26. axb5 axb5 27. Reb1 Ng4 28. Qe2 Qa7+ 29. Kh1 Ne3 30. Qxb5 Nxg2 31. Kxg2 Ba6 32. Qb6 Qxb6 33. Rxb6 Rc2+ 34. Kg1 Bc8 35. Rc6 Rd2 36. Rb8 Bd7 37. Rxe8+ Bxe8 38. Rc8 Kf8 39. Nh5 Ke7 40. Nxg7 Bd7 41. Rc4 Bh3 42. Nh5 Rg2+ 43. Kh1 Re2 44. Rc1 Rxe4 45. Nf4 Bg4 46. Kg2 Rd4 47. Rc7+ Kf6 48. Rc6+ Ke5 49. Rc2 Bf5 50. Rf2 Be4+ 51. Kh3 f5 52. Kh4 Bxd5 53. Kh5 Bf7+ 54. Kxh6 Rd6+ 55. Kg5 Bc4 56. Ng6+ Ke6 57. Rxf5 Rd2 58. Rf6+ Kd5 59. h4 Ke4 60. Rf4+ Kd5 61. h5 Bd3 62. h6 Rh2 63. g4 Bb1 64. Rb4 Be4 65. Nf4+ Ke5 66. Nh5 Bd3 67. Rb3 Be4 68. Re3 1-0